James Bond Theme Song Artists - Statistics

General Stats
  • This quiz has been taken 3,273 times
    2,191 since last reset
  • The average score is 14 of 25
Answer Stats
Movie Song Name Answer % Correct
Skyfall "Skyfall" Adele
96%
Live And Let Die "Live And Let Die" Paul McCartney & Wings
82%
Goldfinger "Goldfinger" Shirley Bassey
76%
Diamonds Are Forever "Diamonds Are Forever" Shirley Bassey
76%
Moonraker "Moonraker" Shirley Bassey
76%
No Time to Die “No Time to Die” Billie Eilish
72%
A View To A Kill "A View To A Kill" Duran Duran
72%
Die Another Day "Die Another Day" Madonna
70%
Spectre "Writing's On The Wall" Sam Smith
70%
Goldeneye "Goldeneye" Tina Turner
64%
The Living Daylights "The Living Daylights" a-ha
58%
Thunderball "Thunderball" Tom Jones
57%
The Spy Who Loved Me "Nobody Does It Better" Carly Simon
52%
For Your Eyes Only "For Your Eyes Only" Sheena Easton
49%
Quantum Of Solace "Another Way To Die" Jack White & Alicia Keys
47%
You Only Live Twice "You Only Live Twice" Nancy Sinatra
47%
The World Is Not Enough "The World Is Not Enough" Garbage
46%
On Her Majesty's Secret Service "We Have All The Time In The World" Louis Armstrong
46%
Casino Royale "You Know My Name" Chris Cornell
44%
The Man With The Golden Gun "The Man With The Golden Gun" Lulu
43%
Tomorrow Never Dies "Tomorrow Never Dies" Sheryl Crow
37%
License To Kill "License To Kill" Gladys Knight
36%
From Russia With Love "From Russia With Love" Matt Monro
34%
Dr. No "James Bond Theme" John Barry & Monty Norman Orchestra
32%
Octopussy "All Time High" Rita Coolidge
27%
No matching quizzes found
Score Distribution
Percent of People with Each Score
Percentile by Number Answered
Your Score History
You have not taken this quiz since the last reset